Jednotné rozhranie nad rôznymi blockchainami

Saved in:
Bibliographic Details
Main Author: Štefaňák, Marián (Author)
Other Authors: Lekavý, Marián (Thesis advisor)
Format: Manuscript Book
Language:Slovak
Published: 2022
Subjects:
Online Access:http://is.stuba.sk/zp/portal_zp.pl?podrobnosti=157891
Tags: Add Tag
No Tags, Be the first to tag this record!

MARC

LEADER 00000ntm a22000003a 4500
001 stuzp85587
003 SK-STU
005 20220618210456.3
007 ta
008 150427s2015----xo-----f-mn---000-0-slo-d
040 |a STU  |b slo 
041 0 |a slo 
100 1 |a Štefaňák, Marián  |u 070200  |4 aut  |U FIIT Fakulta informatiky a informačných technológií  |T FIIT Ústav informatiky, informačných systémov a softvérového inžinierstva  |X 79775  |U I200  |Y 179  |7 79775 
242 0 1 |a Universal interface over different blockchains  |y eng 
245 1 0 |a Jednotné rozhranie nad rôznymi blockchainami 
260 |c 2022 
650 4 |a Blockchain  |2 slo 
650 4 |a API  |2 slo 
650 4 |a Ethereum  |2 slo 
650 4 |a Bitcoin  |2 slo 
650 4 |a Blockchain  |2 eng 
650 4 |a API  |2 eng 
650 4 |a Ethereum  |2 eng 
650 4 |a Bitcoin  |2 eng 
700 1 |a Lekavý, Marián  |4 ths  |X 10225  |7 10225 
856 4 |u http://is.stuba.sk/zp/portal_zp.pl?podrobnosti=157891